000 00348nam a2200133Ia 4500
008 240624s9999 xx 000 0 und d
041 _aeng
082 _a658.4 NOO
100 _aNOOTEBOOM BART
245 _aCOGNITIVE THEORY OF THE FIRM LEARNING GO
260 _c2010
_aUK
_bEdward Elgar
300 _axiv, : 280 : p. : cm. ; 23
365 _cGBP
_b25
999 _c22090
_d22090